| 000 | 01722nam a22005297a 4500 | ||
|---|---|---|---|
| 005 | 20250120120038.0 | ||
| 008 | 181016b2022 xxu||||| |||| 00| 0 spa d | ||
| 020 | _a9789968486491 | ||
| 041 | _aspa | ||
| 082 | _a658.401.2 J25p | ||
| 100 |
_aJaikel Saborío, Roberto _950270 |
||
| 100 |
_aMoraga Cabalceta, Máximo _950271 |
||
| 245 | _aPlanificación, gestión y control de la gestión | ||
| 260 | _aCosta Rica | ||
| 260 | _bEUNED | ||
| 260 | _c2018 | ||
| 300 | _a176 páginas | ||
| 650 | _aPLANIFICACIÓN ESTRATÉGICA | ||
| 650 | _aMARCO DE REFERENCIA DEL PRESUPUESTO | ||
| 650 | _aSISTEMAS DE PLANIFICACIÓN | ||
| 650 | _aPROCESO DE PLANIFICACIÓN | ||
| 650 | _aPRINCIPIOS DE LA PLANIFICACIÓN | ||
| 650 | _aFACTORES DE LA PLANIFICACIÓN | ||
| 650 | _aPLANIFICACIÓN TÁCTICA | ||
| 650 | _aPLANIFICACIÓN OPERATIVA | ||
| 650 | _aEVALUACIÓN DEL PROCESO DE PLANIFICACIÓN | ||
| 650 | _aINDICADORES | ||
| 650 | _aTIPOS DE INDICADORES | ||
| 650 | _aPRESUPUESTO COMO HERRAMIENTA DE GESTIÓN | ||
| 650 | _aPRINCIPIOS PRESUPUESTARIOS | ||
| 650 | _aTIPOS DE PRESUPUESTO | ||
| 650 | _aPRESUPUESTO TRADICIONAL | ||
| 650 | _aTOMA DE DECISIONES | ||
| 650 | _aPRESUPUESTO BASE CERO | ||
| 650 | _aPRESUPUESTO POR PROGRAMAS | ||
| 650 | _aPRESUPUESTO POR RESULTADOS | ||
| 650 | _aPROCESO PRESUPUESTARIO | ||
| 650 | _aFORMULACIÓN PRESUPUESTARIA | ||
| 650 | _aFORMULACIÓN DE INGRESOS | ||
| 650 | _aCLASIFICACIÓN DEL GASTO | ||
| 650 | _aEJECUCIÓN PRESUPUESTARIA | ||
| 650 | _aCONTABILIZACIÓN PRESUPUESTARIA | ||
| 650 | _aCLASIFICACIÓN DE LOS INGRESOS | ||
| 650 | _aCLASIFICACIÓN DE LOS GASTOS | ||
| 650 | _aCONTROL Y EVALUACIÓN PRESUPUESTARIA | ||
| 942 |
_cBK _2ddc |
||
| 999 |
_c11252 _d11252 |
||